CCLV Aniversario de la Fundación del cuerpo de mozos de escuadra
Publicado:
San Jorge, núm. 96 - 97 (juliol 1976), pàg 84 :
MARC
| LEADER | 00000nam a2200000Ia 4500 | ||
|---|---|---|---|
| 001 | |||
| 008 | 160829s9999 xx 000 0 cat d | ||
| 245 | |a CCLV Aniversario de la Fundación del cuerpo de mozos de escuadra | ||
| 260 | |a San Jorge, núm. 96 - 97 (juliol 1976), pàg 84 | ||
| 650 | |a Catalunya. Mossos d'Esquadra |x Aniversaris, etc. |9 43420 | ||
| 901 | |a Arxiu | ||
| 942 | |n 1 | ||
| 952 | |0 0 |1 0 |4 0 |7 1 |9 51424 |a Arxiu |b Arxiu |d 2016-12-01 |l 0 |r 2016-12-01 00:00:00 |w 2016-12-01 |y ARXIU | ||
| 999 | |c 55268 |d 55268 | ||